<?xml version="1.0" encoding="UTF-8"?>
<collection xmlns="http://www.loc.gov/MARC21/slim">
 <record>
  <leader>00965pamaa2200241   4500</leader>
  <controlfield tag="001">0000051539</controlfield>
  <controlfield tag="005">20130814090000.0</controlfield>
  <controlfield tag="008">130815s2007                             eng  </controlfield>
  <datafield tag="020" ind1="0" ind2="0">
   <subfield code="a">9780194579148 (MultiROM) </subfield>
  </datafield>
  <datafield tag="090" ind1="0" ind2="0">
   <subfield code="a">PE1479.B87 </subfield>
   <subfield code="b">CHA 2007</subfield>
  </datafield>
  <datafield tag="100" ind1="1" ind2="0">
   <subfield code="a">Chapman </subfield>
  </datafield>
  <datafield tag="245" ind1="1" ind2="0">
   <subfield code="a">English for emails [</subfield>
   <subfield code="m">MultiROM]  </subfield>
   <subfield code="c">Rebecca Chapman.</subfield>
  </datafield>
  <datafield tag="260" ind1="0" ind2="0">
   <subfield code="a">Oxford ; New York: </subfield>
   <subfield code="b">Oxford University Press, </subfield>
   <subfield code="c">2007.</subfield>
  </datafield>
  <datafield tag="300" ind1=" " ind2=" ">
   <subfield code="a">1 MultiROM; </subfield>
   <subfield code="c">4.5 inch.</subfield>
  </datafield>
  <datafield tag="440" ind1="0" ind2="0">
   <subfield code="a">Oxford Business English</subfield>
  </datafield>
  <datafield tag="500" ind1="0" ind2="0">
   <subfield code="a">To accompany textbook titled &quot;English for emails / Rebecca Chapman&quot;</subfield>
  </datafield>
  <datafield tag="500" ind1="0" ind2="0">
   <subfield code="a">Express series</subfield>
  </datafield>
  <datafield tag="501" ind1="0" ind2="0">
   <subfield code="a">BA</subfield>
  </datafield>
  <datafield tag="650" ind1="0" ind2="0">
   <subfield code="a">English language -- </subfield>
   <subfield code="x">Usage -- </subfield>
   <subfield code="x">Study and teaching </subfield>
  </datafield>
  <datafield tag="650" ind1="0" ind2="0">
   <subfield code="a">English language -- </subfield>
   <subfield code="x">Business English -- </subfield>
   <subfield code="x">Study and teaching -- </subfield>
   <subfield code="x">Foreign speakers -- </subfield>
   <subfield code="x">Audio-visual aids </subfield>
  </datafield>
  <datafield tag="650" ind1="0" ind2="0">
   <subfield code="a">Electronic mail messages -- </subfield>
   <subfield code="x">Study and teaching </subfield>
  </datafield>
  <datafield tag="650" ind1="0" ind2="0">
   <subfield code="a">English language -- </subfield>
   <subfield code="x">Sound recordings for foreign speakers </subfield>
  </datafield>
  <datafield tag="901" ind1=" " ind2=" ">
   <subfield code="u">http://www.oup.com</subfield>
  </datafield>
 </record>
</collection>
